000 00348nam a2200145Ia 4500
008 230711s9999||||xx |||||||||||||| ||und||
041 _aENG
082 _a510
_bHO-L
100 _aHoffman,Kenneth M
245 0 _aLinear algebra
250 _a3rd Ed.
260 _c1991
_aNew Delhi
_bPHI Learning Private Limited
650 _aMathematics
942 _cBK
999 _c141
_d141